[Event "ch-RUS Blitz 2017"]
[Site "Sochi RUS"]
[Date "2017.10.02"]
[Round "14.23"]
[White "Sharafiev, Azat"]
[Black "Selin, Vladimir"]
[Result "1-0"]
[WhiteTitle "IM"]
[WhiteElo "2433"]
[BlackElo "2322"]
[WhiteFideId "4186214"]
[BlackFideId "4168321"]
[EventDate "2017.10.02"]
[EventType "blitz"]

1. Nf3 d6 2. d4 g6 3. e4 Bg7 4. Nc3 Nf6 5. h3 O-O 6. Be3 c6 7. a4 Qc7 8. a5 e5
9. dxe5 dxe5 10. Bc4 h6 11. Qd2 Kh7 12. O-O Re8 13. Rfd1 Be6 14. Bxe6 Rxe6 15.
Qd8 Qxd8 16. Rxd8 Re8 17. Rad1 Na6 18. Rxe8 Rxe8 19. Bxa7 Bf8 20. Nd2 Bb4 21.
Nc4 Bxc3 22. bxc3 Nxe4 23. Rd7 Kg8 24. Rxb7 Nxc3 25. Rb6 Nc7 26. Rxc6 N7b5 27.
Be3 Rd8 28. Nxe5 Rd1+ 29. Kh2 Ra1 30. Bxh6 Rxa5 31. Rc8+ Kh7 32. Nxf7 1-0

[Event "ch-RUS Blitz 2017"]
[Site "Sochi RUS"]
[Date "2017.10.02"]
[Round "14.24"]
[White "Rozhko, Dmitry"]
[Black "Korchmar, Vasiliy"]
[Result "0-1"]
[WhiteTitle "FM"]
[BlackTitle "IM"]
[WhiteElo "2327"]
[BlackElo "2399"]
[WhiteFideId "4150430"]
[BlackFideId "24131750"]
[EventDate "2017.10.02"]
[EventType "blitz"]

1. d4 Nf6 2. Nf3 d5 3. Bf4 c5 4. c3 Nc6 5. Nbd2 Qb6 6. Qb3 c4 7. Qc2 Bg4 8. Ne5
Bh5 9. e3 e6 10. Ndf3 Be7 11. Be2 O-O 12. O-O Rfc8 13. Nxc6 Qxc6 14. Ne5 Qe8 15.
Bg5 Bxe2 16. Qxe2 b5 17. a3 a5 18. Bxf6 Bxf6 19. f4 b4 20. axb4 axb4 21. e4 b3
22. Rxa8 Rxa8 23. Qf3 Qd8 24. h3 Ra2 25. Rf2 Ra1+ 26. Kh2 Rb1 27. Re2 g6 28. g4
Bh4 29. g5 Qa8 30. Ng4 Kg7 31. Qe3 Qb8 0-1

[Event "ch-RUS Blitz 2017"]
[Site "Sochi RUS"]
[Date "2017.10.02"]
[Round "14.25"]
[White "Murzin, Volodar"]
[Black "Triapishko, Alexandr"]
[Result "1/2-1/2"]
[WhiteTitle "FM"]
[BlackTitle "IM"]
[WhiteElo "2280"]
[BlackElo "2500"]
[WhiteFideId "44155573"]
[BlackFideId "14122286"]
[EventDate "2017.10.02"]
[EventType "blitz"]

1. e4 c5 2. Nf3 Nc6 3. g3 g6 4. Bg2 Bg7 5. O-O e6 6. c3 d5 7. exd5 exd5 8. h3
Nge7 9. d4 cxd4 10. Nxd4 O-O 11. Be3 Nf5 12. Nxc6 Nxe3 13. Nxd8 Nxd1 14. Rxd1
Rxd8 15. Rxd5 Rxd5 16. Bxd5 Bxh3 17. Bg2 Bxg2 18. Kxg2 Rd8 19. Na3 Bf8 20. Nc4
b5 21. Ne3 Rd2 22. Rb1 Bc5 23. Kf3 h5 24. a3 Bb6 25. b3 Ra2 26. c4 Rxa3 27. cxb5
Ra2 28. Rd1 Rb2 29. Rd3 Kg7 30. Kg2 f5 31. Nd1 Ra2 32. Ne3 Kh6 33. Kf3 Kg5 34.
Rd6 Rb2 35. Rd3 h4 36. gxh4+ Kxh4 37. Ng2+ Kg5 38. Ne3 Kh5 39. Nd1 Ra2 40. Ne3
g5 41. Nxf5 Rxf2+ 42. Ke4 Rf4+ 43. Ke5 Bc7+ 44. Kf6 g4 45. Rd7 g3 46. Rh7+ Kg4
47. Rg7+ Kf3 48. Rxg3+ Ke4 49. Re3+ Kd5 50. Kg6 Rb4 51. Ne7+ Kd6 52. Nc8+ Kd7
53. Nxa7 Bb6 54. Re7+ Kxe7 55. Nc6+ Kd6 56. Nxb4 Kc5 57. Nd3+ Kxb5 58. Kf5 1/2-1/2

[Event "ch-RUS Blitz 2017"]
[Site "Sochi RUS"]
[Date "2017.10.02"]
[Round "14.26"]
[White "Smagin, Sergey"]
[Black "Bublei, Pavel"]
[Result "1-0"]
[WhiteTitle "GM"]
[BlackTitle "FM"]
[WhiteElo "2551"]
[BlackElo "2387"]
[WhiteFideId "4100425"]
[BlackFideId "24112593"]
[EventDate "2017.10.02"]
[EventType "blitz"]

1. e4 c6 2. d4 d5 3. e5 Bf5 4. Nf3 e6 5. Be2 Ne7 6. O-O Nd7 7. b4 a5 8. b5 h5 9.
a4 Ng6 10. Bd3 Bxd3 11. Qxd3 c5 12. c3 Be7 13. Be3 Rc8 14. Nbd2 h4 15. h3 O-O
16. Ne1 cxd4 17. cxd4 Nb6 18. f4 Nc4 19. Nb3 Bb4 20. Bc1 Nb6 21. Bd2 Qe7 22.
Nxa5 Nc4 23. Bxb4 Qxb4 24. Nxb7 Nb2 25. Qe3 Rc3 26. Qf2 Nxa4 27. Nd6 Nb2 28. Rb1
Rb3 29. f5 exf5 30. Nxf5 Nd1 31. Rxb3 Qxb3 32. Qd2 Nb2 33. Nd6 Nc4 34. Qd3 Qa2
35. Nxf7 Qa7 36. Qxg6 1-0

[Event "ch-RUS Blitz 2017"]
[Site "Sochi RUS"]
[Date "2017.10.02"]
[Round "14.27"]
[White "Stambulian, Arsen"]
[Black "Zakaryan, David"]
[Result "0-1"]
[WhiteTitle "IM"]
[BlackTitle "FM"]
[WhiteElo "2362"]
[BlackElo "2293"]
[WhiteFideId "13300296"]
[BlackFideId "24101923"]
[EventDate "2017.10.02"]
[EventType "blitz"]

1. e4 e5 2. Nf3 Nc6 3. Bb5 a6 4. Ba4 Nge7 5. c3 g6 6. d4 exd4 7. cxd4 b5 8. Bb3
Bg7 9. O-O O-O 10. Nc3 d6 11. h3 h6 12. Re1 Kh7 13. a3 Na5 14. Bc2 c5 15. Bf4
Bb7 16. dxc5 dxc5 17. Qxd8 Rfxd8 18. Bc7 Nc4 19. Bxd8 Rxd8 20. Rab1 Nxb2 21. Nd1
Nc4 22. a4 Na3 23. Rc1 c4 24. axb5 axb5 25. Ne3 b4 26. Ba4 c3 27. Bb3 Bxe4 28.
Bxf7 Nc6 29. Nc4 Bxf3 30. gxf3 Nd4 31. Kg2 Nxc4 32. Bxc4 Rc8 33. Be6 Nxe6 34.
Rxe6 b3 35. Rb6 b2 36. Rc2 Rc7 37. f4 Rd7 0-1

[Event "ch-RUS Blitz 2017"]
[Site "Sochi RUS"]
[Date "2017.10.02"]
[Round "14.28"]
[White "Mnatsakanian, Arsen"]
[Black "Nazaretyan, Tigran"]
[Result "0-1"]
[WhiteElo "2200"]
[BlackElo "2303"]
[WhiteFideId "24189820"]
[BlackFideId "24162345"]
[EventDate "2017.10.02"]
[EventType "blitz"]

1. Nf3 Nf6 2. g3 c5 3. Bg2 Nc6 4. O-O e5 5. d3 d5 6. c4 d4 7. a3 a5 8. e3 Be7 9.
exd4 exd4 10. Re1 O-O 11. Nbd2 Bf5 12. Nf1 Bd6 13. h3 h6 14. g4 Bh7 15. g5 hxg5
16. Bxg5 Qd7 17. Bxf6 gxf6 18. Ng3 Kh8 19. Ne4 Be7 20. Qd2 Rg8 21. Kh1 Rg7 22.
Qh6 Rg6 23. Qh5 Rag8 24. Rg1 Bf8 25. Nxc5 Bxc5 26. Qxc5 Rxg2 27. Qh5 Rxg1+ 28.
Rxg1 Rxg1+ 29. Kxg1 Qf5 30. Qh6 Qg6+ 31. Qxg6 Bxg6 32. Ne1 Ne5 33. Nc2 Nf3+ 34.
Kg2 Bxd3 0-1

[Event "ch-RUS Blitz 2017"]
[Site "Sochi RUS"]
[Date "2017.10.02"]
[Round "15.1"]
[White "Korotylev, Alexey"]
[Black "Artemiev, Vladislav"]
[Result "0-1"]
[WhiteTitle "GM"]
[BlackTitle "GM"]
[WhiteElo "2573"]
[BlackElo "2692"]
[WhiteFideId "4119142"]
[BlackFideId "24101605"]
[EventDate "2017.10.02"]
[EventType "blitz"]

1. Nf3 d5 2. c4 c6 3. g3 g6 4. Bg2 Bg7 5. O-O Nf6 6. b3 Ne4 7. d4 O-O 8. Bb2 Bf5
9. Nbd2 Nd7 10. e3 a5 11. a3 Nxd2 12. Nxd2 Bd3 13. Re1 e6 14. Rc1 Nf6 15. h3 h5
16. Nb1 Be4 17. Bf1 h4 18. g4 Bxb1 19. Rxb1 Ne4 20. cxd5 exd5 21. Bg2 f5 22. f3
Nd6 23. Qd3 Qe7 24. Rf1 a4 25. Rbe1 axb3 26. Qxb3 Nc4 27. Bc1 b5 28. Qd3 Rae8
29. Re2 Qd6 30. gxf5 gxf5 31. f4 Re6 32. Kh1 Rg6 33. Bd2 Qe6 34. Be1 Bf6 35. Bb4
Rf7 36. Bf3 Rg3 37. Rg1 Rfg7 38. Rxg3 Rxg3 39. Rf2 0-1

[Event "ch-RUS Blitz 2017"]
[Site "Sochi RUS"]
[Date "2017.10.02"]
[Round "15.2"]
[White "Dubov, Daniil"]
[Black "Demidov, Mikhail"]
[Result "1-0"]
[WhiteTitle "GM"]
[BlackTitle "IM"]
[WhiteElo "2666"]
[BlackElo "2521"]
[WhiteFideId "24126055"]
[BlackFideId "4197143"]
[EventDate "2017.10.02"]
[EventType "blitz"]

1. d4 e6 2. c4 Bb4+ 3. Nd2 Nf6 4. Nf3 Qe7 5. g3 O-O 6. Bg2 d6 7. O-O e5 8. e4
Bxd2 9. Qxd2 Bg4 10. Nh4 exd4 11. Qxd4 Nc6 12. Qc3 Qe5 13. Bd2 Nd4 14. Kh1 Nc6
15. Rae1 Rfe8 16. f4 Qxc3 17. Bxc3 Bd7 18. b4 a5 19. b5 Nb4 20. e5 Ng4 21. h3
Nxa2 22. Bd2 Nh6 23. g4 dxe5 24. fxe5 c6 25. g5 cxb5 26. gxh6 bxc4 27. Bxb7 Rab8
28. Bd5 Be6 29. Bxe6 Rxe6 30. Nf5 c3 31. Bg5 gxh6 32. Bf6 c2 33. Rg1+ Kf8 34.
Nxh6 Ke8 35. Rg8+ Kd7 36. Rxb8 Rc6 37. Bg5 c1=Q 38. Bxc1 Nxc1 39. Nxf7 Ke7 40.
Rb7+ 1-0

[Event "ch-RUS Blitz 2017"]
[Site "Sochi RUS"]
[Date "2017.10.02"]
[Round "15.3"]
[White "Sjugirov, Sanan"]
[Black "Zvjaginsev, Vadim"]
[Result "1/2-1/2"]
[WhiteTitle "GM"]
[BlackTitle "GM"]
[WhiteElo "2650"]
[BlackElo "2643"]
[WhiteFideId "4189302"]
[BlackFideId "4113403"]
[EventDate "2017.10.02"]
[EventType "blitz"]

1. d4 d6 2. e4 Nf6 3. Nc3 g6 4. Bg5 h6 5. Bh4 g5 6. Bg3 Bg7 7. h4 g4 8. h5 a6 9.
f4 gxf3 10. gxf3 Nc6 11. Nge2 Nh7 12. Qd2 Ng5 13. Bg2 e5 14. dxe5 dxe5 15. Qxd8+
Nxd8 16. O-O-O Bd7 17. Nd5 Nde6 18. Ne3 O-O-O 19. Nf5 Bf6 20. Nc3 Bc6 21. Nd5
Bxd5 22. exd5 Nf4 23. Bxf4 exf4 24. Rhe1 Rde8 25. c4 b6 26. Kc2 Kd7 27. b4 Be7
28. Kb3 Bd6 29. a3 a5 30. Kc3 axb4+ 31. axb4 Ra8 32. Kb3 Ra7 33. Ra1 Rxa1 34.
Rxa1 Re8 35. Rc1 Re2 36. Rc2 Rxc2 37. Kxc2 Bxb4 38. Nxh6 Bf8 39. Nf5 c6 40. Kd3
cxd5 41. cxd5 b5 42. h6 b4 43. Kc4 Kc7 44. Bf1 Nxf3 45. h7 Ne5+ 46. Kd4 Ng6 47.
Ke4 Kd7 1/2-1/2

[Event "ch-RUS Blitz 2017"]
[Site "Sochi RUS"]
[Date "2017.10.02"]
[Round "15.4"]
[White "Savchenko, Boris"]
[Black "Khismatullin, Denis"]
[Result "1-0"]
[WhiteTitle "GM"]
[BlackTitle "GM"]
[WhiteElo "2581"]
[BlackElo "2628"]
[WhiteFideId "4147332"]
[BlackFideId "4142578"]
[EventDate "2017.10.02"]
[EventType "blitz"]

1. e4 e5 2. Nf3 Nf6 3. d3 Nc6 4. c3 g6 5. Be2 Bg7 6. O-O O-O 7. Nbd2 a5 8. a4 d6
9. Nc4 h6 10. Re1 Be6 11. Bf1 Kh7 12. h3 Qd7 13. Ne3 Rad8 14. d4 exd4 15. cxd4
d5 16. e5 Ne4 17. Bb5 Qe7 18. Bxc6 bxc6 19. Bd2 Rb8 20. Bxa5 Rxb2 21. Nd2 Nxd2
22. Bxd2 Ra8 23. Bc1 Rb7 24. Qc2 c5 25. Ba3 Qg5 26. Bxc5 Bxh3 27. f4 Qg3 28.
Nxd5 Bf5 29. Qf2 Qb3 30. Ne3 Be4 31. a5 Qb5 32. f5 Rxa5 33. Rxa5 Qxa5 34. f6 Bh8
35. e6 c6 36. e7 Rb8 37. Bd6 Re8 38. Be5 c5 39. Nc4 Qb4 40. Nd6 Bc6 41. d5 Bd7
42. Nxf7 1-0

[Event "ch-RUS Blitz 2017"]
[Site "Sochi RUS"]
[Date "2017.10.02"]
[Round "15.5"]
[White "Morozevich, Alexander"]
[Black "Grachev, Boris"]
[Result "1-0"]
[WhiteTitle "GM"]
[BlackTitle "GM"]
[WhiteElo "2676"]
[BlackElo "2654"]
[WhiteFideId "4116992"]
[BlackFideId "4129199"]
[EventDate "2017.10.02"]
[EventType "blitz"]

1. e4 c5 2. Nf3 e6 3. d4 cxd4 4. Nxd4 Nc6 5. Nc3 a6 6. Nxc6 bxc6 7. e5 Qc7 8.
Bf4 Rb8 9. Bd3 f5 10. O-O Ne7 11. Qh5+ g6 12. Qe2 Bg7 13. Rfe1 O-O 14. b3 h6 15.
Bc1 d5 16. exd6 Qxd6 17. Bb2 Nd5 18. Na4 Nf4 19. Qe3 Nxd3 20. cxd3 Bxb2 21. Nxb2
Kh7 22. Nc4 Qd5 23. Ne5 c5 24. Rac1 Bb7 25. f3 Rbc8 26. Rc4 g5 27. Rec1 f4 28.
Qe4+ Qxe4 29. dxe4 Rfd8 30. Rxc5 Rd1+ 31. Rxd1 Rxc5 32. Rd7+ Kg8 33. Ng4 Bc6 34.
Rc7 Rc1+ 35. Kf2 Rc2+ 1-0

[Event "ch-RUS Blitz 2017"]
[Site "Sochi RUS"]
[Date "2017.10.02"]
[Round "15.6"]
[White "Tsydypov, Zhamsaran"]
[Black "Alekseev, Evgeny"]
[Result "1/2-1/2"]
[WhiteTitle "IM"]
[BlackTitle "GM"]
[WhiteElo "2529"]
[BlackElo "2622"]
[WhiteFideId "4108566"]
[BlackFideId "4138147"]
[EventDate "2017.10.02"]
[EventType "blitz"]

1. e4 c5 2. Nf3 e6 3. d4 cxd4 4. Nxd4 Nc6 5. Nc3 a6 6. Bf4 d6 7. Nxc6 bxc6 8.
Qd3 e5 9. Bg3 Nf6 10. f4 Qc7 11. O-O-O Be7 12. Be2 O-O 13. Rhf1 Rb8 14. Kb1 Be6
15. f5 Bc8 16. Bh4 Rd8 17. g4 d5 18. g5 Nxe4 19. Nxe4 dxe4 20. Qxe4 Rxd1+ 21.
Rxd1 g6 22. f6 Bf5 23. Qc4 Bf8 24. Qxa6 Rb6 25. Qa8 Rb8 26. Qa6 Rb6 27. Qa8 Rb8
28. Qa6 1/2-1/2

[Event "ch-RUS Blitz 2017"]
[Site "Sochi RUS"]
[Date "2017.10.02"]
[Round "15.7"]
[White "Jakovenko, Dmitry"]
[Black "Andreikin, Dmitry"]
[Result "0-1"]
[WhiteTitle "GM"]
[BlackTitle "GM"]
[WhiteElo "2710"]
[BlackElo "2708"]
[WhiteFideId "4122356"]
[BlackFideId "4158814"]
[EventDate "2017.10.02"]
[EventType "blitz"]

1. e4 c5 2. Nf3 e6 3. d4 cxd4 4. Nxd4 a6 5. c4 Nf6 6. Nc3 Bb4 7. Qd3 O-O 8. Be2
d6 9. O-O Nbd7 10. Qc2 Bxc3 11. bxc3 Nc5 12. f3 Qc7 13. Be3 Bd7 14. Qd2 e5 15.
Nb3 Be6 16. Rfd1 Rfd8 17. Bg5 Rac8 18. Bxf6 gxf6 19. Qh6 Na4 20. Qxf6 Nxc3 21.
Re1 Nxa2 22. Nd2 Nb4 23. Rac1 Nc6 24. Qg5+ Kh8 25. Qf6+ Kg8 26. Qg5+ Kf8 27.
Qh6+ Ke7 28. Qh4+ Ke8 29. Qxh7 Qe7 30. Qh6 Nd4 31. Bf1 Kd7 32. Qe3 Kc7 33. Nb3
Nxb3 34. Qxb3 Kb8 35. g3 Rc5 36. Qe3 Qc7 37. h4 f5 38. exf5 Bxf5 39. g4 Rg8 40.
Kh2 Bd7 41. h5 e4 42. Qxe4 Bc6 43. Qe7 Bxf3 44. Qxc7+ Kxc7 45. Bh3 0-1

[Event "ch-RUS Blitz 2017"]
[Site "Sochi RUS"]
[Date "2017.10.02"]
[Round "15.8"]
[White "Kobalia, Mikhail"]
[Black "Inarkiev, Ernesto"]
[Result "0-1"]
[WhiteTitle "GM"]
[BlackTitle "GM"]
[WhiteElo "2596"]
[BlackElo "2694"]
[WhiteFideId "4119150"]
[BlackFideId "4162722"]
[EventDate "2017.10.02"]
[EventType "blitz"]

1. e4 e5 2. Nf3 Nc6 3. Bc4 Bc5 4. O-O Nf6 5. d3 h6 6. a4 d6 7. c3 a5 8. d4 Bb6
9. dxe5 Nxe5 10. Nxe5 dxe5 11. Qxd8+ Kxd8 12. Nd2 Ke7 13. Re1 Rd8 14. Nf3 Ng4
15. Be3 Nxe3 16. fxe3 f6 17. Kf2 g5 18. Ke2 Bd7 19. Red1 Be8 20. Bd5 c6 21. Bb3
Bg6 22. Bc2 Bc5 23. h3 Rxd1 24. Rxd1 Bf7 25. Nh2 h5 26. Nf1 Bc4+ 27. Kf2 h4 28.
Nd2 Be6 29. Bb3 Bd7 30. Nf3 Rb8 31. Ra1 Bd6 32. Bc4 Be8 33. Nd2 Bg6 34. Bb3 Rd8
35. Ke2 Bc7 36. Bc4 Bh5+ 37. Nf3 f5 38. Bd3 Rxd3 39. Kxd3 fxe4+ 0-1

[Event "ch-RUS Blitz 2017"]
[Site "Sochi RUS"]
[Date "2017.10.02"]
[Round "15.9"]
[White "Pridorozhni, Aleksei"]
[Black "Hasangatin, Ramil"]
[Result "1-0"]
[WhiteTitle "GM"]
[BlackTitle "GM"]
[WhiteElo "2565"]
[BlackElo "2496"]
[WhiteFideId "4127870"]
[BlackFideId "4122160"]
[EventDate "2017.10.02"]
[EventType "blitz"]

1. e4 Nf6 2. Nc3 Nc6 3. d4 d5 4. e5 Nd7 5. Be3 Nb6 6. b3 Bf5 7. Bd3 Bg6 8. Nce2
e6 9. c3 Ne7 10. Nf3 Nf5 11. Nf4 Be7 12. Qd2 Rc8 13. O-O a6 14. g4 Nh4 15. Nxh4
Bxh4 16. Nxg6 hxg6 17. f4 Be7 18. f5 gxf5 19. gxf5 Kd7 20. fxe6+ fxe6 21. Rf7
Qg8 22. Raf1 Rf8 23. Rxf8 Bxf8 24. Bg6 Be7 25. Qg2 Rh4 26. Rf7 Nc8 27. Bg5 Re4
28. Bxe7 Nxe7 29. Rxg7 Qxg7 30. Be8+ Kxe8 31. Qxg7 b6 32. Qh8+ Kd7 33. h4 Nf5
34. h5 Rg4+ 35. Kf2 Rf4+ 36. Ke1 Rh4 37. Qh7+ Ne7 38. Kf2 c5 39. Kg3 Re4 40. Qf7
cxd4 41. cxd4 Rxd4 42. h6 Rd1 43. h7 Rh1 44. Kg2 Rh4 45. Qg7 1-0

[Event "ch-RUS Blitz 2017"]
[Site "Sochi RUS"]
[Date "2017.10.02"]
[Round "15.10"]
[White "Yuffa, Daniil"]
[Black "Fedoseev, Vladimir3"]
[Result "0-1"]
[WhiteTitle "GM"]
[BlackTitle "GM"]
[WhiteElo "2527"]
[BlackElo "2731"]
[WhiteFideId "24131423"]
[BlackFideId "24130737"]
[EventDate "2017.10.02"]
[EventType "blitz"]

1. d4 Nf6 2. c4 e6 3. g3 d5 4. Nf3 Bb4+ 5. Nbd2 dxc4 6. Bg2 b5 7. Ne5 Nd5 8. O-O
O-O 9. a4 c6 10. Ne4 f6 11. Nf3 Nd7 12. b3 a5 13. bxc4 bxc4 14. Qc2 c3 15. Rd1
Qe7 16. Nc5 Nxc5 17. dxc5 e5 18. e4 Nc7 19. Be3 Ne6 20. Nh4 Nd4 21. Bxd4 exd4
22. Rxd4 Qxc5 23. Rad1 Bg4 24. Bf3 Be6 25. Rd6 Qc4 26. Rxe6 Qxe6 27. Nf5 Rad8
28. Re1 g6 29. Ne3 Rd2 30. Qc1 Qa2 31. e5 fxe5 32. Bxc6 Kg7 33. Nd5 Rxd5 0-1

[Event "ch-RUS Blitz 2017"]
[Site "Sochi RUS"]
[Date "2017.10.02"]
[Round "15.11"]
[White "Timofeev, Artyom"]
[Black "Potkin, Vladimir"]
[Result "0-1"]
[WhiteTitle "GM"]
[BlackTitle "GM"]
[WhiteElo "2549"]
[BlackElo "2574"]
[WhiteFideId "4140419"]
[BlackFideId "4131061"]
[EventDate "2017.10.02"]
[EventType "blitz"]

1. c4 e6 2. g3 d5 3. Bg2 Nf6 4. Nf3 dxc4 5. Qa4+ c6 6. Qxc4 b5 7. Qc2 Bb7 8. O-O
Nbd7 9. a4 a6 10. d4 c5 11. axb5 axb5 12. Rxa8 Qxa8 13. dxc5 Bxc5 14. Nc3 b4 15.
Na4 Be4 16. Qd1 Be7 17. Be3 O-O 18. Nb6 Nxb6 19. Bxb6 Qb7 20. Be3 Rd8 21. Qa4
Ra8 22. Qb3 Bd5 23. Qd3 h6 24. h3 Be4 25. Qb3 Bd5 26. Qd3 Rc8 27. Rc1 Rxc1+ 28.
Bxc1 Be4 29. Qc4 Bd5 30. Qd3 Ne4 31. Be3 Nc5 32. Qd2 Nb3 33. Qc2 Bf6 34. Ne1
Bxg2 35. Nxg2 Nd4 36. Bxd4 Bxd4 37. b3 g5 38. Qd3 Qb6 39. e3 Bc3 40. Qd1 Qc5 41.
Ne1 Bxe1 42. Qxe1 Kg7 43. Qd1 Qc3 44. g4 Kf6 45. Kg2 Ke5 46. Qd7 Kf6 47. Qd1 Ke7
48. Kg3 Qe5+ 49. Kg2 f5 50. Qd3 Qc3 51. Qd1 Qc6+ 52. Kg1 f4 53. exf4 gxf4 54.
Qd4 Qd6 55. Qxd6+ Kxd6 56. f3 Ke5 57. h4 Kd4 58. Kf2 e5 59. g5 hxg5 60. hxg5 Kd5
61. Ke2 Ke6 62. Kd3 Kf5 63. Kc4 Kxg5 64. Kxb4 e4 65. Kc3 e3 66. b4 Kf5 67. b5
Ke5 0-1

[Event "ch-RUS Blitz 2017"]
[Site "Sochi RUS"]
[Date "2017.10.02"]
[Round "15.12"]
[White "Alekseenko, Kirill"]
[Black "Usmanov, Vasily"]
[Result "1-0"]
[WhiteTitle "GM"]
[BlackTitle "IM"]
[WhiteElo "2563"]
[BlackElo "2459"]
[WhiteFideId "4135539"]
[BlackFideId "4135741"]
[EventDate "2017.10.02"]
[EventType "blitz"]

1. e4 e6 2. d4 d5 3. Nd2 c5 4. Ngf3 a6 5. exd5 exd5 6. dxc5 Bxc5 7. Bd3 Nc6 8.
O-O Nge7 9. Nb3 Bb6 10. Re1 O-O 11. Be3 Bc7 12. c3 Re8 13. Nbd4 Nxd4 14. Nxd4
Qd6 15. Qh5 g6 16. Qh6 Bd7 17. g3 Nc6 18. Nxc6 Bxc6 19. Bd4 f6 20. Bxg6 hxg6 21.
Qxg6+ Kf8 22. Bxf6 Qd7 23. Qh6+ Kg8 24. Qh8+ Kf7 25. Qg7# 1-0

[Event "ch-RUS Blitz 2017"]
[Site "Sochi RUS"]
[Date "2017.10.02"]
[Round "15.13"]
[White "Popov, Ivan RUS"]
[Black "Sharafiev, Azat"]
[Result "1-0"]
[WhiteTitle "GM"]
[BlackTitle "IM"]
[WhiteElo "2599"]
[BlackElo "2433"]
[WhiteFideId "4170350"]
[BlackFideId "4186214"]
[EventDate "2017.10.02"]
[EventType "blitz"]

1. e4 c5 2. Nf3 Nc6 3. Bb5 d6 4. d4 cxd4 5. Qxd4 Bd7 6. Qd3 h6 7. O-O a6 8. Bxc6
Bxc6 9. c4 Nf6 10. Nc3 e6 11. Rd1 Qc7 12. Bf4 e5 13. Be3 Be7 14. h3 O-O 15. Rac1
Rfc8 16. Nd2 b5 17. cxb5 axb5 18. Nd5 Qb7 19. Nb6 Rd8 20. Nxa8 Qxa8 21. f3 d5
22. Qc2 Bb7 23. Bb6 Rd6 24. Bc5 Rc6 25. b4 dxe4 26. Nxe4 Nxe4 27. fxe4 Bg5 28.
Ra1 Be3+ 29. Kh2 Rxc5 30. bxc5 Bxe4 31. Qe2 Bxc5 32. Re1 Bc6 33. Qxe5 Ba7 34.
Qe2 Bd4 35. Rad1 Bf6 36. Rc1 g6 37. Qf2 Kg7 38. Rf1 Be5+ 39. Kg1 Bd5 40. Rce1
Bc3 41. Rd1 Bc4 42. Qf3 Qxa2 43. Qxc3+ 1-0

[Event "ch-RUS Blitz 2017"]
[Site "Sochi RUS"]
[Date "2017.10.02"]
[Round "15.14"]
[White "Potapov, Pavel"]
[Black "Moskalenko, Alexander"]
[Result "1/2-1/2"]
[WhiteTitle "GM"]
[BlackTitle "IM"]
[WhiteElo "2479"]
[BlackElo "2531"]
[WhiteFideId "4169786"]
[BlackFideId "4155351"]
[EventDate "2017.10.02"]
[EventType "blitz"]

1. e4 c6 2. d4 g6 3. Nc3 Bg7 4. Be3 d5 5. e5 f6 6. exf6 exf6 7. Bd3 Ne7 8. Nf3
Bf5 9. O-O Bxd3 10. Qxd3 Kf7 11. Ne2 Nd7 12. Rfe1 Re8 13. c3 Nf8 14. Ng3 Qd7 15.
h3 Rad8 16. Re2 Nf5 17. Nxf5 Qxf5 18. Qxf5 gxf5 19. Rae1 Ng6 20. Bd2 Re4 21. Kf1
h5 22. Ng1 Bf8 23. f3 Rxe2 24. Nxe2 Bd6 25. Nc1 Nf4 26. Bxf4 Bxf4 27. Nd3 Bg3
28. Re2 Bd6 29. Kf2 h4 30. Ke3 b6 31. Kd2 c5 32. b3 Rc8 33. dxc5 bxc5 34. c4
dxc4 35. bxc4 Rb8 36. Kc2 a5 37. a4 Be7 38. Re1 Rg8 39. Re2 Bd6 40. Kc3 Rg5 41.
Kc2 f4 42. Nc1 Rg8 43. Nd3 1/2-1/2

[Event "ch-RUS Blitz 2017"]
[Site "Sochi RUS"]
[Date "2017.10.02"]
[Round "15.15"]
[White "Korchmar, Vasiliy"]
[Black "Levin, Evgeny A."]
[Result "1-0"]
[WhiteTitle "IM"]
[BlackTitle "GM"]
[WhiteElo "2399"]
[BlackElo "2532"]
[WhiteFideId "24131750"]
[BlackFideId "4182596"]
[EventDate "2017.10.02"]
[EventType "blitz"]

1. d4 Nf6 2. c4 e6 3. g3 c5 4. d5 exd5 5. cxd5 d6 6. Nc3 g6 7. Bg2 Bg7 8. Nf3
O-O 9. O-O Re8 10. Bf4 a6 11. a4 h6 12. Re1 g5 13. Bd2 Bf5 14. h4 g4 15. Nh2 h5
16. e4 Bg6 17. Bf4 Nh7 18. Nf1 Nd7 19. Nd2 Ne5 20. Bxe5 Bxe5 21. Nc4 Nf6 22.
Nxe5 Rxe5 23. Qd2 Kg7 24. a5 Qe7 25. Re2 Nxe4 26. Bxe4 Bxe4 27. Rae1 f5 28. Qf4
Re8 29. Nd1 Qf6 30. Nc3 Bf3 31. Re3 R8e7 32. Rxe5 Rxe5 33. Rxe5 dxe5 34. Qe3 f4
35. Qxc5 fxg3 36. fxg3 e4 37. Qc7+ Kg6 38. Qc5 Qe5 39. Qb6+ Kf5 40. Kf2 Qe7 41.
Qe3 Qd6 42. Qg5# 1-0

[Event "ch-RUS Blitz 2017"]
[Site "Sochi RUS"]
[Date "2017.10.02"]
[Round "15.16"]
[White "Iljiushenok, Ilia"]
[Black "Moiseenko, Vadim"]
[Result "1-0"]
[WhiteTitle "IM"]
[BlackTitle "IM"]
[WhiteElo "2519"]
[BlackElo "2558"]
[WhiteFideId "24105074"]
[BlackFideId "4123700"]
[EventDate "2017.10.02"]
[EventType "blitz"]

1. e4 e5 2. Nf3 Nc6 3. d4 exd4 4. Nxd4 Nf6 5. Nxc6 bxc6 6. e5 Qe7 7. Qe2 Nd5 8.
c4 Nb6 9. b3 a5 10. g3 a4 11. Ba3 Qg5 12. f4 Qf5 13. Bg2 axb3 14. axb3 Bb4+ 15.
Kf2 Bc5+ 16. Bxc5 Rxa1 17. Qb2 Ra8 18. Nc3 Bb7 19. Re1 g5 20. Ne4 gxf4 21. e6
Ra2 22. Qxa2 fxg3+ 23. Kg1 gxh2+ 24. Kh1 fxe6 25. Qb2 e5 26. Ng3 Qf4 27. Rxe5+
Kd8 28. Rf5 1-0

[Event "ch-RUS Blitz 2017"]
[Site "Sochi RUS"]
[Date "2017.10.02"]
[Round "15.17"]
[White "Zakaryan, David"]
[Black "Tomashevsky, Evgeny"]
[Result "0-1"]
[WhiteTitle "FM"]
[BlackTitle "GM"]
[WhiteElo "2293"]
[BlackElo "2710"]
[WhiteFideId "24101923"]
[BlackFideId "4147235"]
[EventDate "2017.10.02"]
[EventType "blitz"]

1. d4 Nf6 2. Nf3 e6 3. c3 b6 4. Bg5 Bb7 5. Nbd2 h6 6. Bh4 d6 7. h3 Nbd7 8. e3
Be7 9. Bd3 Nh5 10. Bxe7 Qxe7 11. Be4 d5 12. Bd3 Nhf6 13. Qe2 e5 14. Nxe5 Nxe5
15. dxe5 Qxe5 16. Nf3 Qe7 17. Nd4 O-O 18. O-O c5 19. Nf3 Rad8 20. Rad1 Rd6 21.
Rd2 Rfd8 22. Rfd1 g6 23. b4 Kg7 24. bxc5 bxc5 25. c4 dxc4 26. Bxc4 Bxf3 27. gxf3
Rxd2 28. Rxd2 Rxd2 29. Qxd2 Nd7 30. f4 Nb6 31. Bb3 g5 32. Qc3+ Kg8 33. Qd3 Qf6
34. f5 Kg7 35. Kg2 c4 36. Qe4 cxb3 37. axb3 Qd6 38. f3 Nd7 39. h4 Nf6 40. Qc4
Qd2+ 0-1